[Event "Toronto Chess to Remember"]
[Site "Toronto CAN"]
[Date "2018.09.23"]
[Round "3"]
[White "Gusev, Nikita"]
[Black "Barron, Michael"]
[Result "1/2-1/2"]
[WhiteElo "2237"]
[BlackElo "2108"]
[PlyCount "118"]
[EventDate "2018.09.23"]
[EventType "swiss (rapid)"]
[EventRounds "5"]
[EventCountry "CAN"]

1. c4 f5 2. d4 Nf6 3. Nc3 d6 4. Nf3 g6 5. g3 Bg7 6. Bg2 O-O 7. O-O c6 8. Re1
Ne4 9. Ng5 d5 10. cxd5 cxd5 11. Ngxe4 fxe4 12. Bf4 Nc6 13. e3 Be6 14. Qb3 Qd7
15. Na4 b6 16. Bf1 Na5 17. Qb4 Rac8 18. Bb5 Qb7 19. Rac1 Bh3 20. b3 h6 21. Qd2
Nc6 22. Bxc6 Rxc6 23. Rxc6 Qxc6 24. Rc1 Qe6 25. Nc3 Rc8 26. Ne2 g5 27. Rxc8+
Qxc8 28. Be5 Qg4 29. f4 exf3 30. Nc3 Bxe5 31. dxe5 e6 32. Kf2 Qf5 33. e4 Qxe5
34. exd5 exd5 35. Qxd5+ Qxd5 36. Nxd5 Be6 37. Nc7 Bg4 38. Nb5 a6 39. Nd4 Kf7
40. Nxf3 Ke6 41. Nd2 Kd5 42. Ke3 Bf5 43. a3 b5 44. Nf3 a5 45. Nd4 Bd7 46. Kd3
Kc5 47. Kc3 b4+ 48. axb4+ axb4+ 49. Kd3 Kd5 50. Ke3 Bg4 51. h4 gxh4 52. gxh4
Bd1 53. Kd3 Bh5 54. Ke3 Bf7 55. Nf5 Ke5 56. Nxh6 Bxb3 57. Ng4+ Kf5 58. Nf2 Bf7
59. Kd2 b3 1/2-1/2

[Event "Toronto Chess to Remember"]
[Site "Toronto CAN"]
[Date "2018.09.23"]
[Round "3"]
[White "Rusonik, Max"]
[Black "Wajdy, Shebetah"]
[Result "0-1"]
[WhiteElo "2047"]
[BlackElo "2041"]
[PlyCount "118"]
[EventDate "2018.09.23"]
[EventType "swiss (rapid)"]
[EventRounds "5"]
[EventCountry "CAN"]

1. e4 c6 2. d4 d6 3. f4 Nf6 4. Nc3 Bg4 5. Nf3 Nbd7 6. Be2 Qc7 7. O-O e5 8. Be3
Be7 9. Qe1 O-O 10. Qg3 Bxf3 11. Bxf3 Rfe8 12. Rae1 Bf8 13. f5 exd4 14. Bxd4 Ne5
15. Qf4 Rad8 16. g4 d5 17. exd5 Nxf3+ 18. Qxf3 Rxe1 19. Rxe1 Nxd5 20. f6 Qf4
21. Qxf4 Nxf4 22. fxg7 Rxd4 23. gxf8=Q+ Kxf8 24. Re4 Ne6 25. Kf2 Rd6 26. Ke3
Kg7 27. h4 Kg6 28. Ne2 Rd1 29. Nf4+ Nxf4 30. Rxf4 Ra1 31. a3 Rb1 32. b3 Ra1 33.
a4 f6 34. Kd4 b6 35. Ke3 Rh1 36. h5+ Kg5 37. Rc4 c5 38. Kf3 Rd1 39. c3 Rd3+ 40.
Kf2 h6 41. b4 cxb4 42. cxb4 Ra3 43. b5 f5 44. gxf5 Kxf5 45. Rd4 Kg5 46. Rd5+
Kg4 47. Ke2 Rxa4 48. Kd3 Ra3+ 49. Ke4 Rh3 50. Re5 Rxh5 51. Rxh5 Kxh5 52. Kf5
Kh4 53. Kf4 h5 54. Ke5 Kg4 55. Kd6 h4 56. Kc7 h3 57. Kb7 h2 58. Kxa7 h1=Q 59.
Kxb6 Qa8 0-1

[Event "Toronto Chess to Remember"]
[Site "Toronto CAN"]
[Date "2018.09.23"]
[Round "4"]
[White "Liang, Hairan"]
[Black "Gusev, Nikita"]
[Result "1-0"]
[WhiteElo "2251"]
[BlackElo "2237"]
[PlyCount "59"]
[EventDate "2018.09.23"]
[EventType "swiss (rapid)"]
[EventRounds "5"]
[EventCountry "CAN"]

1. e4 c5 2. Nf3 e6 3. d4 cxd4 4. Nxd4 a6 5. Bd3 Ne7 6. Nc3 Nbc6 7. Be3 Nxd4 8.
Bxd4 Nc6 9. Be3 Be7 10. Qh5 O-O 11. f4 Nb4 12. O-O Nxd3 13. cxd3 g6 14. Qf3 f5
15. a4 d6 16. a5 Bd7 17. Bb6 Qe8 18. Qe3 Qf7 19. Rae1 Rae8 20. Qd4 Bc6 21. Kh1
Qf6 22. Qe3 Bd8 23. Bd4 e5 24. fxe5 dxe5 25. Bc5 Rf7 26. b4 f4 27. Qf3 g5 28.
Qh5 Qg7 29. Rd1 Rd7 30. Qxe8+ 1-0

[Event "Toronto Chess to Remember"]
[Site "Toronto CAN"]
[Date "2018.09.23"]
[Round "4"]
[White "Puri, Vinny"]
[Black "Joshi, Nikhil"]
[Result "1/2-1/2"]
[WhiteElo "2214"]
[BlackElo "2088"]
[PlyCount "140"]
[EventDate "2018.09.23"]
[EventType "swiss (rapid)"]
[EventRounds "5"]
[EventCountry "CAN"]

1. d4 Nf6 2. c4 g6 3. Nc3 d5 4. cxd5 Nxd5 5. e4 Nxc3 6. bxc3 Bg7 7. Nf3 c5 8.
Be3 Qa5 9. Qd2 Nc6 10. Rb1 a6 11. Rc1 cxd4 12. cxd4 Qxd2+ 13. Kxd2 O-O 14. d5
Rd8 15. Kc2 Ne5 16. Nxe5 Bxe5 17. f4 Bg7 18. Bc4 b5 19. Bb3 Bb7 20. Rhd1 e6 21.
Bb6 Rd7 22. Kb1 exd5 23. Bxd5 Re8 24. Rc7 Rxc7 25. Bxc7 Bxd5 26. exd5 Re7 27.
d6 Rd7 28. Rc1 Bf8 29. Rc6 a5 30. Kc2 f5 31. Kd3 Kf7 32. Kd4 Ke6 33. Kc5 b4 34.
g3 h6 35. h3 g5 36. h4 gxh4 37. gxh4 Rg7 38. Bxa5 Rg2 39. Bxb4 Rxa2 40. Kb5 Ra7
41. Kb6 Rd7 42. Rc7 Rd8 43. Rc6 Rb8+ 44. Kc5 Rd8 45. Kd4 Bxd6 46. Kc4 Rd7 47.
Rxd6+ Rxd6 48. Bxd6 Kxd6 49. Kd4 Ke6 50. Kc5 Kf6 51. h5 Ke6 52. Kc6 Ke7 53. Kd5
Kf6 54. Kd6 Kf7 55. Ke5 Kg7 56. Kxf5 Kf7 57. Ke5 Ke7 58. f5 Kf7 59. f6 Kf8 60.
Ke6 Ke8 61. Ke5 Kf8 62. Kf4 Kg8 63. Ke5 Kf8 64. Ke6 Ke8 65. Kf5 Kf7 66. Ke5 Kf8
67. Ke4 Kg8 68. Kd5 Kf7 69. Ke5 Kf8 70. Ke6 Ke8 1/2-1/2

[Event "Toronto Chess to Remember"]
[Site "Toronto CAN"]
[Date "2018.09.23"]
[Round "4"]
[White "Wajdy, Shebetah"]
[Black "Bykhovsky, Avigdor"]
[Result "1-0"]
[WhiteElo "2041"]
[BlackElo "2404"]
[PlyCount "97"]
[EventDate "2018.09.23"]
[EventType "swiss (rapid)"]
[EventRounds "5"]
[EventCountry "CAN"]

1. d4 Nf6 2. Bf4 c5 3. c3 b6 4. e3 Bb7 5. Nf3 d6 6. h3 Nbd7 7. Nbd2 g6 8. Be2
Bg7 9. O-O O-O 10. a4 a6 11. Bh2 Rc8 12. Re1 Qc7 13. Bf1 Rfd8 14. Qb3 Bd5 15.
Bc4 Bxc4 16. Qxc4 cxd4 17. Qxc7 Rxc7 18. exd4 Kf8 19. Ne4 Nxe4 20. Rxe4 Nf6 21.
Re2 Nd5 22. Nd2 f5 23. Nf1 Kf7 24. Ne3 Nf6 25. f3 Bh6 26. Kf1 b5 27. axb5 axb5
28. Nc2 Nd5 29. Ra5 Rb8 30. g4 f4 31. h4 Bg7 32. Re4 e5 33. dxe5 dxe5 34. Bg1
h6 35. Nb4 Nxb4 36. Rxb4 Rcb7 37. Ra7 Bf8 38. Rxb5 Rxa7 39. Rxb8 Ra1+ 40. Kg2
e4 41. Rb7+ Ke6 42. Rb6+ Kf7 43. Bd4 e3 44. Rf6+ Kg8 45. Rxg6+ Kf7 46. Rf6+ Kg8
47. Re6 Rd1 48. b4 Bxb4 49. Bxe3 1-0

[Event "Toronto Chess to Remember"]
[Site "Toronto CAN"]
[Date "2018.09.23"]
[Round "5"]
[White "Bykhovsky, Avigdor"]
[Black "Puri, Vinny"]
[Result "1-0"]
[WhiteElo "2404"]
[BlackElo "2214"]
[PlyCount "104"]
[EventDate "2018.09.23"]
[EventType "swiss (rapid)"]
[EventRounds "5"]
[EventCountry "CAN"]

1. e4 e5 2. Nf3 Nc6 3. Bb5 Nf6 4. d3 Ne7 5. O-O c6 6. Ba4 Ng6 7. c3 Be7 8. Re1
O-O 9. d4 d6 10. Nbd2 h6 11. Nf1 Nh7 12. Ng3 Ng5 13. Nxg5 Bxg5 14. dxe5 Bxc1
15. Rxc1 dxe5 16. Qxd8 Rxd8 17. Rcd1 Be6 18. Bb3 Bxb3 19. axb3 Nf4 20. b4 Kf8
21. Nf1 Ke7 22. Ne3 g6 23. g3 Rxd1 24. Rxd1 Nh3+ 25. Kg2 Ng5 26. f3 f6 27. h4
Nf7 28. Kf2 h5 29. b5 Rd8 30. bxc6 Rxd1 31. Nxd1 bxc6 32. Ne3 Ke6 33. Ke2 f5
34. Nc4 fxe4 35. fxe4 Nd6 36. Nd2 c5 37. Kd3 a5 38. Nc4 Nb7 39. Kc2 Nd6 40. Kd3
Nb7 41. b3 Kf6 42. Nb6 Ke6 43. Nd5 Nd6 44. Ne3 Kd7 45. g4 hxg4 46. Nxg4 c4+ 47.
bxc4 Ke6 48. c5 Nb5 49. Kc4 Nc7 50. Ne3 Kd7 51. Ng4 Ke6 52. Nf2 Nb5 1-0

[Event "Toronto Chess to Remember"]
[Site "Toronto CAN"]
[Date "2018.09.23"]
[Round "5"]
[White "Rusonik, Max"]
[Black "Barron, Michael"]
[Result "0-1"]
[WhiteElo "2047"]
[BlackElo "2108"]
[PlyCount "82"]
[EventDate "2018.09.23"]
[EventType "swiss (rapid)"]
[EventRounds "5"]
[EventCountry "CAN"]

1. e4 e5 2. f4 exf4 3. Nf3 g5 4. h4 g4 5. Ng5 h6 6. Nxf7 Kxf7 7. d4 d5 8. e5
Be7 9. Bxf4 Bxh4+ 10. g3 Bg5 11. Qd2 Kg7 12. Bd3 Bxf4 13. gxf4 Ne7 14. Nc3 h5
15. f5 Nxf5 16. Nxd5 Qxd5 17. Qg5+ Kf7 18. Rf1 Ke8 19. Bxf5 Bxf5 20. Qxf5 Nd7
21. O-O-O c6 22. Qg6+ Kd8 23. e6 Kc7 24. exd7 Rag8 25. Qd3 g3 26. Rf5 Qxd7 27.
Rdf1 Rg7 28. Qe3 Re8 29. Qf4+ Qd6 30. Rf7+ Re7 31. Rxe7+ Rxe7 32. Qf3 h4 33. c4
Qxd4 34. Qf8 Qe3+ 35. Kc2 g2 36. Rf7 Rxf7 37. Qxf7+ Kb6 38. a4 g1=Q 39. a5+ Ka6
40. b4 Qgf2+ 41. Kb1 Qee1# 0-1

[Event "Transcontinental hivernal ABCDE"]
[Site "Montreal CAN"]
[Date "2018.02.23"]
[Round "1"]
[White "Mangahas, Ronald"]
[Black "Mercure, Gilbert"]
[Result "0-1"]
[WhiteElo "1873"]
[BlackElo "1950"]
[PlyCount "66"]
[EventDate "2018.02.23"]
[EventType "tourn"]
[EventRounds "5"]
[EventCountry "CAN"]

1. e4 d5 2. exd5 Nf6 3. d4 Nxd5 4. c4 Nb6 5. Nc3 e5 6. d5 c6 7. Be3 Bb4 8. d6
Be6 9. Nf3 N8d7 10. Bd3 Bxc3+ 11. bxc3 Nxc4 12. Bg5 f6 13. Bc1 Nc5 14. Bc2 Qa5
15. O-O Qxc3 16. Rb1 O-O-O 17. Bb3 Rxd6 18. Qe2 Qd3 19. Qxd3 Rxd3 20. Bd1 Rhd8
21. Be2 R3d7 22. h3 Nd3 23. Rd1 e4 24. Ne1 Nxc1 25. Rdxc1 Na3 26. Rb4 Rd2 27.
Rxe4 Bd5 28. Re7 g6 29. Nd3 Rd7 30. Re8+ Kc7 31. Nc5 Bf7 32. Re3 Nc2 33. Nxd7
Nxe3 0-1

[Event "Transcontinental hivernal ABCDE"]
[Site "Montreal CAN"]
[Date "2018.02.23"]
[Round "1"]
[White "Pierson, Emmanuel"]
[Black "Sullivan, Neil"]
[Result "1-0"]
[WhiteElo "1960"]
[BlackElo "2091"]
[PlyCount "97"]
[EventDate "2018.02.23"]
[EventType "tourn"]
[EventRounds "5"]
[EventCountry "CAN"]

1. d4 d5 2. c4 e6 3. Nc3 c5 4. cxd5 cxd4 5. Qxd4 Nc6 6. Qd1 exd5 7. e3 Nf6 8.
Nf3 Bb4 9. Be2 O-O 10. O-O Bg4 11. Nd4 Nxd4 12. exd4 Bxe2 13. Nxe2 Re8 14. Bd2
Qa5 15. Nc3 Ne4 16. Nxe4 Rxe4 17. Be3 Rae8 18. a3 Bd6 19. Qb3 R8e7 20. Rac1 h6
21. Rc8+ Kh7 22. Qd3 g6 23. Qb3 Kg7 24. g3 h5 25. Qd3 h4 26. Kg2 Qb6 27. Qd2
Bc7 28. Bh6+ Kh7 29. Bf8 Bf4 30. gxf4 Qe6 31. f5 Rg4+ 32. Kh1 gxf5 33. Bxe7
Qxc8 34. f3 Rg6 35. Bxh4 Qe6 36. Rg1 Rh6 37. Qf4 Rg6 38. Rxg6 fxg6 39. Qe5 Qc6
40. Bg5 Qc4 41. Qe7+ Kg8 42. Qe8+ Kg7 43. Qd7+ Kg8 44. Qd8+ Kh7 45. Qe7+ Kg8
46. Kg2 Qxd4 47. Bf6 Qd2+ 48. Kh3 Qh6+ 49. Kg3 1-0

[Event "Transcontinental hivernal ABCDE"]
[Site "Montreal CAN"]
[Date "2018.02.23"]
[Round "1"]
[White "Turcotte, Jonathan"]
[Black "Latreche, Sabrina"]
[Result "0-1"]
[WhiteElo "2044"]
[BlackElo "2004"]
[PlyCount "94"]
[EventDate "2018.02.23"]
[EventType "tourn"]
[EventRounds "5"]
[EventCountry "CAN"]

1. d4 d5 2. c4 c6 3. Nf3 Nf6 4. Nc3 e6 5. Bg5 h6 6. Bh4 Be7 7. e3 Qa5 8. Nd2
Nbd7 9. Be2 O-O 10. O-O Re8 11. a3 dxc4 12. Nxc4 Qd8 13. b4 Nd5 14. Bxe7 Qxe7
15. Rc1 N7f6 16. Ne5 Bd7 17. Qb3 Rac8 18. Na4 Rc7 19. Nc5 Rec8 20. Rc2 Be8 21.
Rfc1 Nd7 22. Nc4 Nxc5 23. bxc5 Rb8 24. Rb2 b5 25. Nd6 a5 26. e4 Nf4 27. Bf1 Qg5
28. Rcb1 e5 29. Qc3 exd4 30. Qxa5 Re7 31. Qb4 Ne6 32. Nf5 Ra7 33. Nxd4 Nxd4 34.
Qxd4 Rxa3 35. Rd1 Rba8 36. g3 R3a4 37. Rb4 Rxb4 38. Qxb4 Ra4 39. Qc3 Rxe4 40.
Bg2 Rc4 41. Qe1 Kf8 42. h4 Qe7 43. Qxe7+ Kxe7 44. Re1+ Kd8 45. Re5 f6 46. Rf5
Bd7 47. Rf4 Rxc5 0-1

[Event "Transcontinental hivernal ABCDE"]
[Site "Montreal CAN"]
[Date "2018.02.24"]
[Round "2"]
[White "Joanis, Marc-Andre"]
[Black "Milette, Patrick"]
[Result "0-1"]
[WhiteElo "1840"]
[BlackElo "1790"]
[PlyCount "90"]
[EventDate "2018.02.23"]
[EventType "tourn"]
[EventRounds "5"]
[EventCountry "CAN"]

1. d4 Nf6 2. Nf3 g6 3. g3 Bg7 4. Bg2 O-O 5. O-O d6 6. c4 Nbd7 7. Nc3 c5 8. b3
a6 9. Bb2 Rb8 10. a4 b6 11. e4 Bb7 12. d5 Nxe4 13. Qc2 Nxc3 14. Bxc3 Nf6 15.
Rfe1 Bc8 16. Rad1 Re8 17. Ng5 b5 18. axb5 axb5 19. cxb5 Rxb5 20. h4 Bf5 21. Qa2
Qb6 22. b4 cxb4 23. Bd4 Qa5 24. Qb2 Qa3 25. Re3 Qxb2 26. Bxb2 b3 27. Bxf6 Bxf6
28. Ne4 Rbb8 29. Rb1 Bxe4 30. Bxe4 b2 31. Re2 Rec8 32. f3 Rc1+ 33. Re1 Rxe1+
34. Rxe1 Rc8 35. Rb1 Rc1+ 36. Kf2 Kf8 37. Ke2 Ke8 38. Kd2 Bc3+ 39. Ke2 Kd8 40.
g4 Kc7 41. f4 Kb6 42. f5 Kc5 43. fxg6 hxg6 44. h5 gxh5 45. gxh5 Rxb1 0-1

[Event "Transcontinental hivernal ABCDE"]
[Site "Montreal CAN"]
[Date "2018.02.24"]
[Round "2"]
[White "Latreche, Sabrina"]
[Black "Pierson, Emmanuel"]
[Result "1-0"]
[WhiteElo "2004"]
[BlackElo "1960"]
[PlyCount "63"]
[EventDate "2018.02.23"]
[EventType "tourn"]
[EventRounds "5"]
[EventCountry "CAN"]

1. e4 c5 2. Nf3 Nc6 3. Bb5 g6 4. O-O Bg7 5. c3 e5 6. Bxc6 dxc6 7. h3 c4 8. b3
Be6 9. Na3 cxb3 10. axb3 Qb6 11. Nc4 Bxc4 12. bxc4 c5 13. Qa4+ Qc6 14. Qxc6+
bxc6 15. Ba3 Nf6 16. Nxe5 O-O 17. f3 Nxe4 18. fxe4 Bxe5 19. Bxc5 Rfd8 20. d4
Bd6 21. Bxa7 Rd7 22. Bb6 Rb8 23. c5 Bg3 24. Rad1 Re8 25. e5 Ra8 26. Ra1 Rxa1
27. Rxa1 Kf8 28. Ra8+ Ke7 29. Kf1 Ke6 30. Ke2 h5 31. Rc8 Kd5 32. Kd3 1-0

[Event "Transcontinental hivernal ABCDE"]
[Site "Montreal CAN"]
[Date "2018.02.24"]
[Round "2"]
[White "Mercure, Gilbert"]
[Black "Sullivan, Neil"]
[Result "0-1"]
[WhiteElo "1873"]
[BlackElo "2091"]
[PlyCount "74"]
[EventDate "2018.02.23"]
[EventType "tourn"]
[EventRounds "5"]
[EventCountry "CAN"]

1. d4 d5 2. e4 dxe4 3. Nc3 Nf6 4. f3 exf3 5. Nxf3 g6 6. Bc4 Bg7 7. h3 O-O 8.
Be3 b6 9. Qd2 Bb7 10. O-O-O Nd5 11. Bh6 Nxc3 12. bxc3 Bd5 13. Bxg7 Kxg7 14. Qe2
Nc6 15. Bb3 a5 16. Ne5 a4 17. Bxd5 Qxd5 18. c4 Qd6 19. Nxc6 Qxc6 20. Rhf1 Qd6
21. Rf3 Ra5 22. g4 e6 23. h4 h5 24. g5 Rd8 25. c5 bxc5 26. d5 Raa8 27. c4 c6
28. Qb2+ Kg8 29. Rxf7 Kxf7 30. Qf6+ Ke8 31. Qxg6+ Ke7 32. Qf6+ Ke8 33. Rf1 Kd7
34. Qb2 Rab8 35. Qa3 Qe5 36. dxe6+ Ke8 37. Kc2 Qe2+ 0-1

[Event "Transcontinental hivernal ABCDE"]
[Site "Montreal CAN"]
[Date "2018.02.24"]
[Round "3"]
[White "Brunelle, Raymond"]
[Black "Dubois, Lorraine"]
[Result "1-0"]
[WhiteElo "1194"]
[BlackElo "1174"]
[PlyCount "84"]
[EventDate "2018.02.23"]
[EventType "tourn"]
[EventRounds "5"]
[EventCountry "CAN"]

1. e4 c6 2. d4 d5 3. Nc3 dxe4 4. Nxe4 Bf5 5. Ng3 Bg6 6. Nf3 e6 7. c3 Nd7 8. Be2
Be7 9. Bf4 Ngf6 10. Nh4 Nd5 11. Nxg6 hxg6 12. Bd2 Qc7 13. O-O Bd6 14. Qc1 f5
15. f4 O-O-O 16. a3 Kb8 17. c4 N5f6 18. c5 Be7 19. b4 Ne4 20. Nxe4 fxe4 21. g3
Rh7 22. f5 exf5 23. Bf4 Rdh8 24. Rf2 Bf6 25. Bxc7+ Kxc7 26. Qf4+ Kc8 27. Qd6
Rh6 28. Bc4 g5 29. Raa2 Be5 30. Qe7 Bxd4 31. Be6 Rd8 32. Bxf5 Rf6 33. g4 g6 34.
Qxe4 Bxf2+ 35. Rxf2 gxf5 36. Rxf5 Rg6 37. Qe3 Nf6 38. Qe6+ Kc7 39. Rxf6 Rd1+
40. Kf2 Rg7 41. Qe5+ Kd7 42. Rd6+ Rxd6 1-0

[Event "Transcontinental hivernal ABCDE"]
[Site "Montreal CAN"]
[Date "2018.02.24"]
[Round "3"]
[White "Milette, Patrick"]
[Black "Bedard, Michel"]
[Result "1-0"]
[WhiteElo "1790"]
[BlackElo "1605"]
[PlyCount "95"]
[EventDate "2018.02.23"]
[EventType "tourn"]
[EventRounds "5"]
[EventCountry "CAN"]

1. c4 f5 2. g3 Nf6 3. Bg2 e5 4. d4 e4 5. Nc3 c6 6. Nh3 Bb4 7. O-O O-O 8. Bg5 h6
9. Bxf6 Qxf6 10. Qb3 Ba5 11. Rad1 Bc7 12. e3 b6 13. f3 exf3 14. Bxf3 Qg6 15.
Nf4 Qe8 16. Nb5 Na6 17. Nxc7 Nxc7 18. d5 Bb7 19. Bh5 Qd8 20. Ng6 Rf6 21. d6 Ne6
22. Qc2 c5 23. Ne7+ Kh8 24. Bf3 Bxf3 25. Rxf3 Rf7 26. Rxf5 Rxe7 27. dxe7 Qxe7
28. Qe4 Re8 29. h4 Nc7 30. Qxe7 Rxe7 31. Kf2 Kg8 32. Kf3 Ne8 33. e4 g6 34. Rfd5
d6 35. h5 Rf7+ 36. Ke3 gxh5 37. Rxh5 Kg7 38. Rf5 Re7 39. Kf4 Kg6 40. g4 a6 41.
Rdd5 Re6 42. e5 dxe5+ 43. Rdxe5 Ng7 44. Rxe6+ Nxe6+ 45. Ke5 Nd4 46. Rf6+ Kg5
47. Rxb6 a5 48. Kd5 1-0

[Event "Transcontinental hivernal ABCDE"]
[Site "Montreal CAN"]
[Date "2018.02.24"]
[Round "3"]
[White "Sullivan, Neil"]
[Black "Latreche, Sabrina"]
[Result "1/2-1/2"]
[WhiteElo "2091"]
[BlackElo "2004"]
[PlyCount "39"]
[EventDate "2018.02.23"]
[EventType "tourn"]
[EventRounds "5"]
[EventCountry "CAN"]

1. e4 e5 2. Nf3 Nc6 3. d4 exd4 4. Bc4 Nf6 5. O-O Nxe4 6. Re1 d5 7. Bxd5 Qxd5 8.
Nc3 Qa5 9. Nxe4 Be6 10. Bg5 h6 11. Bh4 g5 12. Nxd4 O-O-O 13. Nxc6 Rxd1 14. Nxa5
Rxe1+ 15. Rxe1 Bb4 16. c3 Bxa5 17. Bg3 Bb6 18. Be5 Rg8 19. b3 Bf5 20. Nf6
1/2-1/2

[Event "Transcontinental hivernal ABCDE"]
[Site "Montreal CAN"]
[Date "2018.02.24"]
[Round "3"]
[White "Turcotte, Jonathan"]
[Black "Mercure, Gilbert"]
[Result "0-1"]
[WhiteElo "2044"]
[BlackElo "1873"]
[PlyCount "130"]
[EventDate "2018.02.23"]
[EventType "tourn"]
[EventRounds "5"]
[EventCountry "CAN"]

1. d4 d5 2. c4 Nc6 3. Nc3 Nf6 4. Bg5 Ne4 5. cxd5 Nxc3 6. bxc3 Qxd5 7. Nf3 Bg4
8. Bf4 Bxf3 9. gxf3 O-O-O 10. e4 Qa5 11. Bd2 e6 12. Qb3 Qb6 13. Qxb6 axb6 14.
Rg1 Na5 15. Rb1 f5 16. Bd3 g6 17. h4 Be7 18. h5 Rhg8 19. hxg6 Rxg6 20. Rxg6
hxg6 21. Ke2 c5 22. Rxb6 Nc6 23. d5 Kc7 24. Rb1 exd5 25. exf5 gxf5 26. Bxf5 Bd6
27. Rh1 Re8+ 28. Kf1 Rf8 29. Rh7+ Kb6 30. Bg4 Ra8 31. Bg5 Be5 32. f4 Bxc3 33.
f5 Ne5 34. Bh5 Rxa2 35. f6 Bd4 36. Bh4 c4 37. f7 Nd7 38. Bg4 Nf8 39. Rh6+ Kc5
40. Be7+ Kb5 41. f3 Bc5 42. Bxc5 Kxc5 43. Rh8 Ra8 44. Kf2 b5 45. Kg3 Rd8 46.
Bf5 Kd6 47. Rh6+ Kc7 48. Kf4 b4 49. Ke5 d4 50. Kf6 Rd6+ 51. Kg7 Rxh6 52. Kxh6
Kd6 53. Kg7 Ke7 54. f4 d3 55. Be4 b3 56. f5 b2 57. f6+ Ke6 58. Kxf8 b1=Q 59.
Kg7 Qg1+ 60. Bg6 Qa7 61. Kg8 Qb8+ 62. f8=Q Qxf8+ 63. Kxf8 Kxf6 64. Bh7 Ke5 65.
Ke7 Kd4 0-1

[Event "Transcontinental hivernal ABCDE"]
[Site "Montreal CAN"]
[Date "2018.02.25"]
[Round "4"]
[White "Gauthier, Luc"]
[Black "Milette, Patrick"]
[Result "1-0"]
[WhiteElo "1601"]
[BlackElo "1790"]
[PlyCount "89"]
[EventDate "2018.02.23"]
[EventType "tourn"]
[EventRounds "5"]
[EventCountry "CAN"]

1. e4 g6 2. Nc3 Bg7 3. f4 a6 4. Nf3 b5 5. d4 Bb7 6. Bd3 d6 7. O-O c5 8. d5 Nh6
9. Qe1 O-O 10. Qh4 e6 11. Qh3 b4 12. Nd1 exd5 13. exd5 Bc8 14. Qh4 Qxh4 15.
Nxh4 f5 16. Nf3 Nd7 17. Ne3 Nb6 18. Kh1 Nf7 19. Nd2 Bb7 20. Ndc4 Nxd5 21. Nxd5
Bxd5 22. Nb6 Bc6 23. Nxa8 Rxa8 24. a3 d5 25. axb4 c4 26. Be2 Nd6 27. Bf3 Ne4
28. c3 d4 29. cxd4 Bxd4 30. Bxe4 Bxe4 31. Rd1 Bd3 32. Ra5 Rb8 33. b5 axb5 34.
b3 Bc3 35. Ra7 Bc2 36. Rdd7 Bxb3 37. Rxh7 Bc2 38. Rh6 b4 39. Rxg6+ Kf8 40. Be3
Rc8 41. h4 b3 42. Bd2 b2 43. Bxc3 b1=Q+ 44. Kh2 Qb8 45. Bg7+ 1-0

[Event "Transcontinental hivernal ABCDE"]
[Site "Montreal CAN"]
[Date "2018.02.25"]
[Round "4"]
[White "Mercure, Gilbert"]
[Black "Latreche, Sabrina"]
[Result "1/2-1/2"]
[WhiteElo "1873"]
[BlackElo "2004"]
[PlyCount "29"]
[EventDate "2018.02.23"]
[EventType "tourn"]
[EventRounds "5"]
[EventCountry "CAN"]

1. e4 e5 2. Nf3 Nc6 3. Bc4 Bc5 4. b4 Bxb4 5. c3 Bc5 6. d4 exd4 7. O-O d3 8.
Qxd3 Qe7 9. Bg5 Ne5 10. Bxf7+ Qxf7 11. Nxe5 Qh5 12. h4 d6 13. Qb5+ c6 14. Nxc6
a6 15. Qa5 1/2-1/2

[Event "Transcontinental hivernal ABCDE"]
[Site "Montreal CAN"]
[Date "2018.02.25"]
[Round "4"]
[White "Raduica, Gheorghe"]
[Black "Chira, Dan"]
[Result "0-1"]
[WhiteElo "1480"]
[BlackElo "1462"]
[PlyCount "135"]
[EventDate "2018.02.23"]
[EventType "tourn"]
[EventRounds "5"]
[EventCountry "CAN"]

1. e4 a6 2. c4 b6 3. Nc3 Bb7 4. d4 e6 5. Nf3 c6 6. Ne5 d6 7. Nf3 Be7 8. Bd3 Qc7
9. O-O Nd7 10. Bf4 Ngf6 11. e5 Nh5 12. exd6 Bxd6 13. Bxd6 Qxd6 14. Ne5 Nhf6 15.
Nxd7 Qxd7 16. Be2 O-O 17. Qd3 Rfd8 18. Rfd1 Qe7 19. Ne4 Nxe4 20. Qxe4 c5 21.
Qe3 cxd4 22. Rxd4 Rxd4 23. Qxd4 Qc7 24. Rd1 h6 25. Qd7 Rc8 26. b3 Bc6 27. Qxc7
Rxc7 28. a4 Kf8 29. f3 Ke7 30. Kf2 Bb7 31. Ke3 Rc6 32. f4 Rd6 33. g3 Rxd1 34.
Bxd1 Kd6 35. Kd4 a5 36. Bh5 f6 37. Bg6 Bf3 38. Bc2 Bc6 39. h4 e5+ 40. fxe5+
fxe5+ 41. Kc3 Kc5 42. Bd1 Bg2 43. Be2 e4 44. Bd1 Bf3 45. Bc2 e3 46. Bf5 Bd1 47.
Bd3 e2 48. Kd2 Bxb3 49. Bxe2 Bxc4 50. Bh5 Kb4 51. Kc2 Bb3+ 52. Kb2 Bxa4 53. Be2
Bb5 54. Bd1 Bd3 55. g4 a4 56. g5 hxg5 57. hxg5 a3+ 58. Ka2 Bc4+ 59. Ka1 Kc3 60.
g6 b5 61. Bc2 Bd3 62. Bb3 Bxg6 63. Ka2 b4 64. Be6 Bd3 65. Bd7 g5 66. Bc6 g4 67.
Bg2 Be2 68. Bc6 0-1

[Event "Transcontinental hivernal ABCDE"]
[Site "Montreal CAN"]
[Date "2018.02.25"]
[Round "4"]
[White "Turcotte, Jonathan"]
[Black "Pierson, Emmanuel"]
[Result "1-0"]
[WhiteElo "2044"]
[BlackElo "1960"]
[PlyCount "69"]
[EventDate "2018.02.23"]
[EventType "tourn"]
[EventRounds "5"]
[EventCountry "CAN"]

1. d4 d5 2. c4 c6 3. Nf3 Nf6 4. Nc3 a6 5. cxd5 cxd5 6. Bf4 e6 7. e3 Be7 8. h3
b5 9. Bd3 Bb7 10. O-O O-O 11. a4 b4 12. Nb1 a5 13. Nbd2 Nbd7 14. Qe2 Qb6 15.
Nb3 Rfc8 16. Rfc1 Ne4 17. Bb5 Ndf6 18. Ne5 Nd6 19. Bd3 Nc4 20. Nxc4 dxc4 21.
Rxc4 Bd5 22. Rxc8+ Rxc8 23. Nd2 Qc6 24. e4 Qb6 25. exd5 Qxd4 26. Be5 Qxd5 27.
Nf3 Nd7 28. Qe4 Qxe4 29. Bxe4 Nxe5 30. Nxe5 f5 31. Bd3 Bd6 32. Re1 Rc5 33. Nc4
Rd5 34. Rxe6 Rxd3 35. Rxd6 1-0

[Event "Transcontinental hivernal ABCDE"]
[Site "Montreal CAN"]
[Date "2018.02.25"]
[Round "4"]
[White "Yan, Alex Jikai"]
[Black "Lauzon, Francois"]
[Result "0-1"]
[WhiteElo "1410"]
[BlackElo "1212"]
[PlyCount "86"]
[EventDate "2018.02.23"]
[EventType "tourn"]
[EventRounds "5"]
[EventCountry "CAN"]

1. e4 c5 2. Nf3 d6 3. Nc3 Nf6 4. Be2 g6 5. d3 Bg7 6. O-O O-O 7. Be3 a6 8. h3
Nc6 9. Qd2 Qc7 10. d4 Rd8 11. d5 Ne5 12. Nh2 b5 13. f4 Nc4 14. Bxc4 bxc4 15.
Qe2 Rb8 16. Rab1 e6 17. Qxc4 Rb4 18. Qd3 Qb7 19. b3 c4 20. bxc4 exd5 21. cxd5
Nxe4 22. Rxb4 Qxb4 23. Nxe4 Bf5 24. Qxa6 Bxe4 25. Qc6 h5 26. Nf3 Bf5 27. Ne1
Rc8 28. Qa6 Rc4 29. Nd3 Bxd3 30. cxd3 Rc2 31. Qa8+ Kh7 32. Rf2 Qe1+ 33. Kh2
Rxf2 34. Bxf2 Qxf2 35. Qa4 Bd4 36. Qe8 Qxf4+ 37. Kh1 Qf1+ 38. Kh2 Qg1+ 39. Kg3
h4+ 40. Kg4 Qxg2+ 41. Kf4 Qf2+ 42. Kg5 Qf5+ 43. Kxh4 Bf2# 0-1

[Event "Transcontinental hivernal ABCDE"]
[Site "Montreal CAN"]
[Date "2018.02.25"]
[Round "5"]
[White "Bergeron, Andre"]
[Black "Joanis, Marc-Andre"]
[Result "0-1"]
[WhiteElo "1615"]
[BlackElo "1840"]
[PlyCount "94"]
[EventDate "2018.02.23"]
[EventType "tourn"]
[EventRounds "5"]
[EventCountry "CAN"]

1. d4 d5 2. Nf3 Nf6 3. c4 dxc4 4. e3 Bg4 5. Bxc4 e6 6. Nc3 a6 7. a4 Nc6 8. h3
Bh5 9. O-O Bd6 10. Re1 O-O 11. g4 Bg6 12. Nh4 Be4 13. Nxe4 Nxe4 14. Ng2 e5 15.
h4 Bb4 16. Re2 Qf6 17. Bd5 Nd6 18. Bxc6 bxc6 19. dxe5 Qxe5 20. Qd4 Qxd4 21.
exd4 Rfe8 22. Rc2 Re4 23. Be3 Rxg4 24. Rxc6 Nf5 25. Kf1 Nxh4 26. Nxh4 Rxh4 27.
Kg2 Bd6 28. Rac1 Rg4+ 29. Kf3 f5 30. R1c4 h5 31. d5 Rxc4 32. Rxc4 Rb8 33. Bc1
Rb3+ 34. Kg2 Kf7 35. Rc6 Rb6 36. Be3 Rxc6 37. dxc6 Ke6 38. f4 Kd5 39. Kh3 Be7
40. Bd2 Kxc6 41. Bc3 g6 42. Be1 Kd5 43. b4 Kc4 44. b5 axb5 45. a5 Bc5 46. Kh4
b4 47. Kg5 b3 0-1